=LDR 00000nam 2200000 4500 =001 INLIS000000000014672 =005 20130612105942 =008 ***********************************Ind** =035 ##$$0010-061300000014672 =041 ##$$a Ind =082 ##$$a 297.54 =090 ##$$a 297.54, Sul z =100 ##$$a El-Sulthani, Mawardi labay =245 ##$$a Zikir dan doa deangan Al-asma Al-Husna, Doa para wali Allah, Mawardi Labay El-Sulthani =260 ##$$a 1998 $b Jakarta =300 ##$$a vi,271 hlm, Ilus, 18 cm =650 ##$$a Doa =850 ##$$a NBPNMAT